00836nam a22002174a 4500003000500000005001700005008004100022020002100063040000800084100001800092245010200110260003200212300004400244500009200288504002600380650005300406650005400459650004200513650004300555700002000598322820231123085342.0961117s1996 sa a 001 0 eng d a1868259811 (pbk) cRDA1 aKing, Dennis.10aReef fishes and corals :bEast coast of Southern Africa /cDennis King ; [editor: Maggie Mouton]. aCape Town :bStruik,c1996. a128 p. :bill. (chiefly col.) ;c21 cm. a"Also applicable to Mauritius, Seychelles, Comoros, Madagascar and east Africa"--Cover. aBibliography: p. 121. 0aCoral reef fisheszIndian OceanxIdentification. 0aCoral reef fisheszIndian OceanvPictorial works. 0aCoralszIndian OceanxIdentification. 0aCoralszIndian OceanvPictorial works.1 aMouton, Maggie.